The Big Short (2015) Cast & Crew - Statistics

General Stats
  • This quiz has been taken 5 times
  • The average score is 8 of 22
Answer Stats
Role Description Answer % Correct
Michael Burry Metal-loving hedge fund manager who is one of the first to notice the housing bubble Christian Bale
100%
(Herself) Australian actress who helps explains mortgage-backed securities in a bathtub Margot Robbie
100%
Jared Vennett Salesman from Deutsche Bank who sells Burry's default swaps Ryan Gosling
100%
Mark Baum Boss of a small independent trading firm who is angry at the banks Steve Carell
100%
(Himself) American celebrity chef who helps explains collaterized debt obligation Anthony Bourdain
80%
Producer Brad Pitt
80%
Ben Rickert Retired and skeptical former trader who helps Geller and Shipley with their trade Brad Pitt
80%
Director Adam McKay
40%
Screenwriter Adam McKay
40%
Cynthia Baum Mark Baum's supportive wife Marisa Tomei
40%
(Herself) American actress and singer-songwriter who helps explain credit default swaps Selena Gomez
40%
Jamie Shipley The other half of Brownfield Fund, and Geller's partner Finn Wittrock
20%
Charlie Geller One half of Brownfield Fund, who decide to short the housing market after discovering Vennett's prospectus John Magaro
20%
Producer Arnon Milchan
0%
Cinematographer Barry Ackroyd
0%
Screenwriter Charles Randolph
0%
Producer Dede Gardner
0%
Editor Hank Corwin
0%
Producer Jeremy Kleiner
0%
Vinny Daniel Mark's "numbers guy", who doesn't talk about his father's tragic death Jeremy Strong
0%
Composer Nicholas Britell
0%
Laurence Fields An investor in Burry's hedge fund who strongly opposed his shorting strategy Tracy Letts
0%
No matching quizzes found
Score Distribution
Percent of People with Each Score
Percentile by Number Answered
Your Score History
You have not taken this quiz